00726cam a2200217 i 450000100060000000300080000600500170001400800410003103500190007204000320009104100080012308200220013110000330015324500600018626000600024630000550030650000430036150000200040450400300042465100540045427507BD-RjUL20211209051149.0140325s1941 nyuabf b 001 0 eng d a(BD-RjUL)27581 aDLCcDLCdDLCdBD-RjULbeng aeng00a975.302bLER 19411 aLeech, Margaret,d1893-1974.10aReveille in Washington, 1860-1865 /cby Margaret Leech. aGarden City, N.Y. :bGarden City Pub. Co.,c c1941-1962 ax, 483 p., [12] leaves of plates :bill. ;c22 cm. a"Some biographical notes": p. 430-458. aIncludes index. aBibliography: p. 459-466. 0aWashington (D.C.)xHistoryyCivil War, 1861-1865.